Trasa Autobusu 319 Warszawa - Statystyki

Ogólne statystyki
  • Ten quiz został rozwiązany 8 razy
  • Średni wynik to 11 z 34
Statystyki odpowiedzi
Ulice Przystanki % Poprawnych
Zwoleńska PKP Międzylesie
88%
Pileckiego Pileckiego
63%
Żegańska Wawer - Ratusz
63%
Aleja Dzieci Polskich Centrum Zdrowia Dziecka
50%
Aleja Dzieci Polskich Międzylesie
50%
Patriotów Odeska
50%
Patriotów PKP Radość
50%
Wał Miedzeszyński Przewodowa
50%
Patriotów Szachowa
50%
Branickiego Branickiego
38%
Żegańska Bursztynowa - Szpital
38%
Gandhi Metro Imielin
38%
Patriotów Pomologiczna
38%
Żegańska Pożaryskiego
38%
Wał Miedzeszyński Sitowie
38%
Patriotów Wielowiejska
38%
Żegańska Bielszowicka
25%
Przewodowa Dzięcioła
25%
Przewodowa Majerankowa
25%
Patriotów Montażowa
25%
Przewodowa Nadarzyńska
25%
Przyczółkowa Powsinek
25%
Pileckiego Szpital Południowy
25%
Rosoła Grzegorzewskiej
13%
Pileckiego Hospicjum Onkologiczne
13%
Gandhi Miklaszewskiego
13%
Przewodowa Mrągowska
13%
Gandhi Polinezyjska
13%
Branickiego Sarmacka
13%
Branickiego Świętej Urszuli Ledóchowskiej
13%
Gandhi Teligi
13%
Przewodowa Wiesiołka
13%
Rosoła Płaskowickiej
0%
Przewodowa Tumułkowa
0%
Nie znaleziono quizów pasujących do podanych kryteriów
Rozkład punktacji
Procent ludzi z każdym wynikiem
Percentyl według liczby udzielonych odpowiedzi
Twoja historia wyników
Nie rozwiązałeś tego quizu